000
00289nam a22001337a 4500
008
180920b xxu||||| |||| 00| 0 eng d
020
_a
9781561341252
041
_a
eng
080
_2
5th
_a
574
100
_a
9
101
_a
MJE
245
_a
Taking Sides
_c
Goldfarb,Th.D
942
_2
udc
_c
BK
999
_c
48112
_d
48112